000 00680nam a2200181Ia 4500
008 090630s9999 xx 000 0 und d
082 _b20893
100 _aवैशंपायन मंगेश.
245 _aअॅथलेटिक्स खेळाची ओळख.
_cवैशंपायन मंगेश.
260 _bजयदीप.
300 _a32
600 _aवैशंपायन मंगेश.
630 _aअॅथलेटिक्स खेळाची ओळख.
655 _aइतर.
700 _aवैशंपायन मंगेश.
730 _aअॅथलेटिक्स खेळाची ओळख.
942 _cBOOK
999 _c272749
_d272749